The pied piper (Record no. 550188)
[ view plain ]
| 000 -LEADER | |
|---|---|
| fixed length control field | 00826cjm a2200169 a 4500 |
| 082 ## - DEWEY DECIMAL CLASSIFICATION NUMBER | |
| Classification number | 808.831 |
| Author Mark | TIN |
| 100 1# - MAIN ENTRY--PERSONAL NAME | |
| Personal name | Shaw, Artie, |
| 9 (RLIN) | 46908 |
| 245 14 - TITLE STATEMENT | |
| Title | The pied piper |
| Statement of responsibility, etc. | Artie Shaw and his orchestra. |
| 260 ## - PUBLICATION, DISTRIBUTION, ETC. | |
| Place of publication, distribution, etc. | Edinburgh : |
| Name of publisher, distributor, etc. | First Heard Records, |
| 300 ## - PHYSICAL DESCRIPTION | |
| Other physical details | analog, 33 1/3 rpm, mono. ; |
| Dimensions | 12 in. |
| 505 0# - FORMATTED CONTENTS NOTE | |
| Formatted contents note | Theme (1:17) -- Cool daddy (3:05) -- The Grabtown grapple (2:20) -- Things are looking up (2:59) -- Let's fall in love (2:07) -- The pied piper (2:07) -- Softly as in a morning sunrise (3:12) -- Orinoco (2:38) -- Gue le le (3:38) -- You do something to me (2:48) -- Cross your heart (2:25) -- 'S wonderful (3:00) -- Innuendo (4:30) -- Begin the beguine (3:08). |
| 526 ## - STUDY PROGRAM INFORMATION NOTE | |
| Program name | 0 |
| Interest level | 0 |
| Reading level | 0 |
| Title point value | 808_831000000000000_TIN |
| 650 #0 - SUBJECT ADDED ENTRY--TOPICAL TERM | |
| Topical term or geographic name entry element | Jazz |
| 9 (RLIN) | 46372 |
| 650 #0 - SUBJECT ADDED ENTRY--TOPICAL TERM | |
| Topical term or geographic name entry element | MCE |
| 9 (RLIN) | 379 |
| 650 #0 - SUBJECT ADDED ENTRY--TOPICAL TERM | |
| Topical term or geographic name entry element | Popular music |
| 9 (RLIN) | 46909 |
| 942 ## - ADDED ENTRY ELEMENTS (KOHA) | |
| Source of classification or shelving scheme | |
| Koha item type | Book |
| Withdrawn status | Lost status | Source of classification or shelving scheme | Damaged status | Not for loan | Permanent Location | Current Location | Date acquired | Total Checkouts | Full call number | Barcode | Date last seen | Price effective from | Koha item type |
|---|---|---|---|---|---|---|---|---|---|---|---|---|---|
| Military College of Engineering (MCE) | Military College of Engineering (MCE) | 10/27/2014 | 808.831 TIN | MCE-44697 | 10/27/2014 | 10/27/2014 | Book |
